Largest Cities In Texas - Statistics

General Stats
  • This quiz has been taken 24 times
  • The average score is 17 of 30
Answer Stats
Rank Population City % Correct
4 935,755 Austin
100%
3 1,318,806 Dallas
100%
1 2,295,982 Houston
100%
2 1,486,521 San Antonio
100%
6 680,354 El Paso
96%
8 324,692 Corpus Christi
91%
5 855,786 Fort Worth
83%
14 198,773 Amarillo
78%
7 392,462 Arlington
70%
16 182,679 Brownsville
65%
24 133,964 Waco
65%
10 257,575 Laredo
61%
9 284,579 Plano
61%
11 250,415 Lubbock
57%
30 118,582 Odessa
52%
29 118,632 Beaumont
48%
21 143,070 Killeen
48%
22 141,597 McAllen
48%
23 135,134 Midland
48%
27 123,676 Abilene
39%
25 133,661 Denton
39%
13 237,982 Garland
39%
12 238,637 Irving
39%
17 173,460 McKinney
39%
15 191,104 Grand Prairie
35%
20 144,250 Mesquite
35%
19 154,193 Pasadena
35%
18 165,700 Frisco
30%
28 120,157 Round Rock
30%
26 133,438 Carrollton
13%
No matching quizzes found
Score Distribution
Percent of People with Each Score
Percentile by Number Answered
Your Score History
You have not taken this quiz